000 01914nam a2200421 c 4500
999 _c57495
_d57495
003 BLK
005 20220426101336.0
008 180408b bul|||||r ||||||| ||bul||
010 _aKNG00061498000
040 _aBLK
041 _aBUL
_cBUL
080 _aМарксистко-ленинско икономическо учение. Вж и 141.8
_b330.85
_x(430)(092)
_z330.85(430)(092)
080 _aТеории на капитала. Понятие
_b330.14.01
_x:330.85(430)(092)
_z330.14.01:330.85(430)(092)
080 _b929 Маркс, Карл
_z929 Маркс, Карл
100 1 _aРозенберг, Давид И.
_eпърви автор
_9287656
139 _aРозенберг, Давид И.
_bР 78
245 1 0 _aКоментари към "Капиталът" на Карл Маркс
_cДавид И. Розенберг; обща ред. на Н. А. Цаголов; прев. от рус. Илия Костов.
257 _aSUN
260 _bНаука и изкуство
_c1987
300 _a792 с.
_c22 см
380 _a3
500 _aОриг. загл. Комментарии к "Капиталу" К. Маркса / Давид И. Розенберг.
600 1 4 _aМаркс, Карл
_9365572
650 4 _aМарксизъм-ленинизъм - икономически учения
_9248945
650 4 _aМарксизъм-ленинизъм - критика
_9250781
651 4 _aГермания
_9178754
653 _aикономически учения
653 _aмарксизъм
653 _aкоментари
653 _aКарл Маркс
700 1 _aЦаголов, Н. А.
_eобща ред. на
_9138887
700 1 _aКостов, Илия
_eпрев. от рус.
_983057
_qИлиев, Илия Костов
852 _aЦб 149631
856 4 _qpdf
856 4 _qpdf
942 _cKNG
_n0
_04
_s1
944 _aCR
_c13.06.2004
_kЛюдмила_Стоянова
944 _aED
_c17.09.2009
999 _d57495
999 _d57495
999 _d57495